Loading...
| History - American | 0 | 6 | 0 | 2 | 60 | 83 | 108.67 | 0 | 0 | 10.83 | 23.88 |
| Social Science | 0 | 4 | 0 | 0 | 40 | 104 | 115.75 | 1 | 2 | 2.85 | 16.96 |
| Science - Physics | 0 | 2 | 0 | 0 | 20 | 92 | 100.50 | 0 | 1 | 5.67 | 17.19 |
| Science - Chemistry | 0 | 3 | 2 | 0 | 20 | 77 | 102.67 | 0 | 2 | 6.33 | 21.65 |
| Beliefs | 0 | 2 | 0 | 0 | 20 | 111 | 122.50 | 0 | 0 | 1.48 | 8.21 |
| Current Events | 0 | 2 | 0 | 0 | 20 | 78 | 87.50 | 0 | 0 | 18.18 | 29.17 |
| Science - Other | 0 | 2 | 0 | 1 | 20 | 71 | 93.00 | 0 | 2 | 5.78 | 14.73 |
| Philosophy | 0 | 3 | 2 | 1 | 20 | 108 | 118.33 | 0 | 1 | 2.81 | 19.20 |
| History - European | 0 | 2 | 1 | 0 | 15 | 113 | 116.00 | 0 | 0 | 2.76 | 8.26 |
| Visual Arts | 0 | 2 | 2 | 0 | 10 | 103 | 107.00 | 0 | 1 | 5.50 | 15.63 |
| History - Ancient | 0 | 1 | 0 | 0 | 10 | 137 | 137.00 | 0 | 0 | 0.29 | 7.50 |
| Literature - American | 0 | 1 | 0 | 0 | 10 | 132 | 132.00 | 0 | 0 | 0.09 | 1.56 |
| Literature - British | 0 | 1 | 0 | 0 | 10 | 142 | 142.00 | 0 | 0 | 0.17 | 5.36 |
| Literature - European | 0 | 1 | 0 | 0 | 10 | 107 | 107.00 | 0 | 1 | 2.67 | 7.81 |
| Science - Biology | 0 | 1 | 2 | 0 | 0 | 102 | 102.00 | 0 | 1 | 1.69 | 8.93 |
| Literature - World | 0 | 0 | 0 | 0 | 0 | 0.00 | 0 | 0 | 0.00 | 0.00 | |
| History - World | 0 | 0 | 1 | 0 | -5 | 0.00 | 0 | 0 | 0.00 | 0.00 |